Statistiques concernant Focus sur: Marge Dursley - Harry Potter

Cliquez ici pour prendre le quiz!

Statistiques générales

  • Ce quiz a été pris 162 fois
  • Le résultat moyen est 5 sur 7

Statistiques - réponses

Informations recherchéesRéponses% Correct
Statut du sangMoldu
99%
FrèreVernon Dursley
98%
Lieu de rencontre avec Harry Potter4 Privet Drive
96%
Première mentionHarry Potter à l'école des sorciers
90%
Vrai prénomMarjorie
89%
ProfessionÉleveuse
27%
Actrice l'interprétant dans les filmsPam Ferris
19%

Distribution des résultats

Percentile par nombre de réponses

% des personnes avec chaque résultat

Votre développement - résultats

Vous n’avez pas pris ce quiz